{"text_format":"3","workbook":"xls","n_sheets":1,"sheets":["Sheet1"],"read":"whole","date_system":"1900","formulas":"cached_only"}

{"sheet":"Sheet1","index":0,"n_rows":8,"n_cols":15,"rows_kept":8,"merged":[[1,0,3,0],[1,13,3,13],[5,0,6,0]],"flags":["formulas_cached_only"]}
["标段划分","序号","物料编码","名称","规格","单位","数量","计划备注","主机名称及型号","使用单位","参考单价（元）","最高限价（元）","采购方式","竞价要求"]
["二类配电箱等001",1,"1120299056","配电箱"," ","个",2," ","400mm*200mm（厚2mm)","一矿",{"v":260,"d":"260.00"},{"v":520,"d":"520.00"},"公开竞价","参与竞价的电器保障质量，满足电器技术参数。参考品牌：正泰、人民、德力西、东煤真空、上海人民、长征机电，其他品牌产品技术指标等同或更优的也可竞价。"," 个 400mm*200mm（厚2mm)一矿"]
[null,2,"1120215021","交流接触器","CJ20-40A/380V","只",2,"正泰、人民、德力西、东煤真空、上海人民、长征机电\"或相当于\""," ","一矿",{"v":220,"d":"220.00"},{"v":440,"d":"440.00"},null,null,"CJ20-40A/380V只正泰、人民、德力西、东煤真空、上海人民、长征机电\"或相当于\" 一矿"]
[null,3,"1120206055","空气开关","100A","只",2,"正泰、第三开关、人民、德力西、施耐德、常熟“或相当于”","DZ10-100A  380V","一矿",{"v":240,"d":"240.00"},{"v":480,"d":"480.00"},null,null,"100A只正泰、第三开关、人民、德力西、施耐德、常熟“或相当于”DZ10-100A  380V一矿"]
[{"$nulls":3},"合计",{"$nulls":7},{"v":1440,"d":"1440.00"}]
["二类鱼尾沟槽卡箍螺栓等002",1,"1120501331","鱼尾沟槽卡箍螺栓","M22*90","套",1000,null,"带螺母、镀锌沟槽卡箍螺栓（12.9级）","大矿",{"v":30,"d":"30.00"},{"v":30000,"d":"30000.00"}]
[null,2,"1120501332","鱼尾沟槽卡箍螺栓","M16*75","套",1000,null,"带螺母、镀锌沟槽卡箍螺栓（8.8级)","大矿",{"v":20,"d":"20.00"},{"v":20000,"d":"20000.00"}]
[{"$nulls":3},"合计",{"$nulls":7},{"v":50000,"d":"50000.00"}]